Κατάλογος Βιβλιοθηκών Mediterranean College

Χρηματοδότηση Επιχειρήσεων / Χρηματιστική Διαχείριση Επιχειρήσεων: Β' Έκδοση (Record no. 2170)

MARC details
000 -LEADER
fixed length control field 04040cam a22002174a 4500
005 - ΗΜΕΡΟΜΗΝΙΑ ΚΑΙ ΩΡΑ ΤΕΛΕΥΤΑΙΑΣ ΕΝΗΜΕΡΩΣΗΣ
Πεδίο ελέγχου 20250605164033.0
008 - FIXED-LENGTH DATA ELEMENTS--GENERAL INFORMATION
Πεδίο ελέγχου σταθερού μήκους 250528s ||||||||||||||||||||||||d
035 ## - SYSTEM CONTROL NUMBER
System control number 16695
020 ## - ISBN
ISBN 9607344839
040 ## - ΠΗΓΗ ΚΑΤΑΛΟΓΟΓΡΑΦΗΣΗΣ
Φορέας πρωτότυπης καταλογογράφησης MC Athens Campus Library
Γλώσσα καταλογογράφησης Ελληνικά, Μοντέρνα (1453-)
Modifying agency MC Athens Campus Library
Κανόνες περιγραφικής καταλογογράφησης AACR2
245 1# - ΤΙΤΛΟΣ ΚΑΙ ΔΗΛΩΣΗ ΥΠΕΥΘΥΝΟΤΗΤΑΣ
Τίτλος Χρηματοδότηση Επιχειρήσεων / Χρηματιστική Διαχείριση Επιχειρήσεων: Β' Έκδοση
250 ## - EDITION STATEMENT
Edition statement
260 ## - PUBLICATION, DISTRIBUTION, ETC.
Name of publisher, distributor, etc. Σύγχρονη Εκδοτική,
Date of publication, distribution, etc. 1999
300 ## - PHYSICAL DESCRIPTION
Extent 1000
505 0# - FORMATTED CONTENTS NOTE
Formatted contents note Πρόλογος, Επιχείρηση και Χρηματοδότηση, Η Λογιστική ως Βάση της Χρηματοδοτήσεως Επιχειρήσεων, Βασικές Έννοιες της Λογιστικής και Οικονομικές Καταστάσεις, Χρηματιστική Θεώρηση των Οικονομικών Καταστάσεων και Έννοιες Χρηματιστικής Διαχειρίσεως, Τα Ίδια Κεφάλαια των Επιχειρήσεων, Η Αυτοχρηματοδότηση των Επιχειρήσεων, Το Κυκλοφοριακό Κεφάλαιο (Κεφάλαιο Κινήσεως), Ο Πίνακας Χρηματοδοτήσεως, Οι Αριθμοδείκτες (Ratios), Αποδοτικό και Χρηματιστική Δομή της Επιχειρήσεως, Περί Δανείων, Τα Ομολογιακά Δάνεια, Οι Διεπιχειρησιακές Πιστώσεις, Περί Επενδύσεων, Ελληνικά Αναπτυξιακά Κίνητρα, Ευρωπαϊκή Ένωση και Χρηματοδότηση Επιχειρήσεων, Νέοι Τρόποι Χρηματοδοτήσεως Επιχειρήσεων, Leasing - Factoring - For Faiting - Franchising - Venture Capital, Χρηματιστική Αγορά και Αγορές Χρήματος και Κεφαλαίου, Το Χρηματιστήριο Αξιών στην Ελλάδα, Ίδρυση και Οργάνωση του ΧΑΑ, Παράρτημα Χρηματιστικών Πινάκων, Βιβλιογραφία, Αλφαβητικό Ευρετήριο Κύριων Ονομάτων και Πηγών.
520 ## - SUMMARY, ETC.
Summary, etc. Πρόλογος, Επιχείρηση και Χρηματοδότηση, Η Λογιστική ως Βάση της Χρηματοδοτήσεως Επιχειρήσεων, Βασικές Έννοιες της Λογιστικής και Οικονομικές Καταστάσεις, Χρηματιστική Θεώρηση των Οικονομικών Καταστάσεων και Έννοιες Χρηματιστικής Διαχειρίσεως, Τα Ίδια Κεφάλαια των Επιχειρήσεων, Η Αυτοχρηματοδότηση των Επιχειρήσεων, Το Κυκλοφοριακό Κεφάλαιο (Κεφάλαιο Κινήσεως), Ο Πίνακας Χρηματοδοτήσεως, Οι Αριθμοδείκτες (Ratios), Αποδοτικό και Χρηματιστική Δομή της Επιχειρήσεως, Περί Δανείων, Τα Ομολογιακά Δάνεια, Οι Διεπιχειρησιακές Πιστώσεις, Περί Επενδύσεων, Ελληνικά Αναπτυξιακά Κίνητρα, Ευρωπαϊκή Ένωση και Χρηματοδότηση Επιχειρήσεων, Νέοι Τρόποι Χρηματοδοτήσεως Επιχειρήσεων, Leasing - Factoring - For Faiting - Franchising - Venture Capital, Χρηματιστική Αγορά και Αγορές Χρήματος και Κεφαλαίου, Το Χρηματιστήριο Αξιών στην Ελλάδα, Ίδρυση και Οργάνωση του ΧΑΑ, Παράρτημα Χρηματιστικών Πινάκων, Βιβλιογραφία, Αλφαβητικό Ευρετήριο Κύριων Ονομάτων και Πηγών.
700 1# - ΠΡΟΣΘΕΤΗ ΑΝΑΓΡΑΦΗ--ΦΥΣΙΚΟ ΠΡΟΣΩΠΟ
Personal name Δάσκαλος Γεώργιος
9 (RLIN) 2776
942 ## - ADDED ENTRY ELEMENTS (KOHA)
Koha item type Books
Holdings
Τύπος τεκμηρίου Βιβλιοθήκη Τρέχουσα τοποθεσία Barcode Αριθμός εισαγωγής Ημερομηνία απόκτησης Ταξιθετικό σύμβολο Αριθμός αντιτύπου Κατάσταση απόσυρσης Κατάσταση χαμένου Κατάσταση κατεστραμμένου Μη δανεισμός Σύνολο δανεισμών Ημερομηνία τελευταίας εμφάνισης Η τιμή ισχύει από
Books MC Athens Campus Library MC Athens Campus Library 9780000021694 4902 05/06/2025 658.15 DAS 1           05/06/2025 05/06/2025

MC Athens Campus Library
Πατησίων 94 & Κοδριγκτώνος 13, 104 34
Πελλήνης 8 & Πατησίων 107, 112 51
Τ: +30 210 8899600

MC Thessaloniki Campus Library
Ίωνος Δραγούμη 21, 54625 | Ίωνος Δραγούμη 15, 54625
Τ: +30 2310 287779 – Τ: +30 2314 440300